000
00319nam a2200121Ia 4500
008
241015s9999 xx 000 0 und d
041
_a
eng
082
_a
332 WAL
100
_a
Douglas Walsh
245
_a
Financial Economics And Econometrics
260
_b
Murphy & Moore Publishing
_a
USA
_c
2023
300
_a
237;. P. 28 cm
999
_c
41598
_d
41598